[Event "SR 2. liga A 2009/2010"]
[Site "?"]
[Date "2010.01.10"]
[Round "7.5"]
[White "Peska, Juraj"]
[Black "Mruskovic, Radoslav"]
[Result "0-1"]
[WhiteElo "1959"]
[BlackElo "1945"]
[PlyCount "76"]
[EventDate "2009.??.??"]
[WhiteTeam "Slovakia"]
[BlackTeam "II"]
[WhiteTeamCountry "SVK"]
[BlackTeamCountry "SVK"]

1. c4 c5 2. Nc3 Nc6 3. g3 g6 4. Bg2 Bg7 5. Nf3 d6 6. O-O e5 7. d3 Nge7 8. Bd2
O-O 9. Qc1 a6 10. Bh6 Rb8 11. Bxg7 Kxg7 12. b3 b5 13. e3 Bf5 14. Rd1 Nb4 15. e4
Bg4 16. h3 Bxf3 17. Bxf3 Nbc6 18. Ne2 Qd7 19. Bg2 Nd4 20. Nxd4 cxd4 21. Qa3 Nc6
22. Qxa6 Ra8 23. Qxb5 Rfb8 24. a4 Rxb5 25. axb5 Rxa1 26. Rxa1 Nb4 27. Bf1 Qc7
28. Ra4 Qc5 29. Be2 Nc2 30. Bd1 Nb4 31. Be2 f5 32. f3 h5 33. Kf2 f4 34. gxf4
exf4 35. Ke1 Nc2+ 36. Kf2 Ne3 37. b4 Qg5 38. b6 Qg3# 0-1

[Event "SR 2. liga A 2009/2010"]
[Site "?"]
[Date "2010.01.10"]
[Round "7.6"]
[White "Hagara, Vladimir"]
[Black "Zarecky, Eduard"]
[Result "1/2-1/2"]
[WhiteElo "1942"]
[BlackElo "1947"]
[PlyCount "152"]
[EventDate "2009.??.??"]
[WhiteTeam "Slovakia"]
[BlackTeam "II"]
[WhiteTeamCountry "SVK"]
[BlackTeamCountry "SVK"]

1. d4 d5 2. c4 c6 3. Nf3 Nf6 4. Nc3 e6 5. cxd5 cxd5 6. Bg5 Be7 7. e3 O-O 8. Bd3
h6 9. Bh4 Nc6 10. Rc1 a6 11. O-O Bd7 12. Qe2 Re8 13. Rfd1 Qa5 14. Bb1 Rad8 15.
a3 b5 16. Nd2 Qb6 17. b4 a5 18. Qxb5 Qxb5 19. Nxb5 axb4 20. Bxf6 gxf6 21. axb4
Rb8 22. Nc3 Bxb4 23. Bd3 Na5 24. Ncb1 Ba4 25. Bc2 Bb5 26. Kh1 Rec8 27. Nb3 Be2
28. Rg1 Nc4 29. Bd1 Bd3 30. Bc2 Nb2 31. Bxd3 Nxd3 32. Rxc8+ Rxc8 33. Rf1 Rc2
34. Kg1 Be1 35. Rxe1 Nxe1 36. N1d2 Nd3 37. Kf1 Nc1 38. Ke1 Nxb3 39. Nxb3 Rb2
40. Nd2 Ra2 41. Nf3 Kg7 42. h3 f5 43. g3 f6 44. Kf1 Kf7 45. Kg2 Ke7 46. Kg1 Kd6
47. Nh4 Ra7 48. Kg2 Rg7 49. Kf1 h5 50. Ke2 Kc6 51. Ke1 Kb5 52. Kf1 Kc4 53. Ke2
Kc3 54. Nf3 Ra7 55. Nh4 Ra2+ 56. Kf3 Kd2 57. Kg2 Ke2 58. Nf3 Ra1 59. Ng1+ Rxg1+
60. Kxg1 Kf3 61. Kf1 e5 62. Ke1 exd4 63. exd4 Ke4 64. Ke2 Kxd4 65. Kd2 Ke4 66.
Ke2 d4 67. f3+ Ke5 68. Kd3 f4 69. g4 h4 70. Kc4 d3 71. Kxd3 Kd5 72. Kc3 Kc5 73.
Kd3 Kd5 74. Kc3 Kc5 75. Kd3 Kd5 76. Kc3 Kc5 1/2-1/2

[Event "SR 2. liga A 2009/2010"]
[Site "?"]
[Date "2010.01.10"]
[Round "7.6"]
[White "Kundrak, Vladimir"]
[Black "Kollarik, Gorazd"]
[Result "1-0"]
[WhiteElo "1936"]
[BlackElo "1898"]
[PlyCount "114"]
[EventDate "2009.??.??"]
[WhiteTeam "Slovakia"]
[BlackTeam "II"]
[WhiteTeamCountry "SVK"]
[BlackTeamCountry "SVK"]

1. e4 d6 2. d4 Nf6 3. Nc3 g6 4. Be3 Bg7 5. f3 c6 6. Qd2 b5 7. Bh6 O-O 8. h4 e5
9. Bxg7 Kxg7 10. O-O-O Qe7 11. g4 h5 12. g5 Ne8 13. Rh2 Nd7 14. dxe5 dxe5 15.
Qe3 Nb6 16. a3 Be6 17. Rhd2 Rc8 18. Qf2 Rc7 19. Qg3 Bc8 20. Be2 Rd7 21. Rxd7
Bxd7 22. f4 exf4 23. Qxf4 Kg8 24. e5 Ng7 25. Ne4 Nd5 26. Nf6+ Kh8 27. Nxd5 cxd5
28. Rxd5 a6 29. Qf6 Qe6 30. Rd6 Qf5 31. Qxf5 Bxf5 32. Rxa6 Rb8 33. Nf3 Ne6 34.
Ra5 Bg4 35. Ng1 Bxe2 36. Nxe2 Kg8 37. Ra6 Kf8 38. Rd6 Ke7 39. Rd5 Nc7 40. Rd6
Ne6 41. Nd4 Nxd4 42. Rxd4 Ke6 43. Rb4 Kxe5 44. a4 Ke6 45. Rxb5 Ra8 46. a5 f5
47. gxf6 Kxf6 48. b4 Re8 49. a6 Ra8 50. Ra5 Ke6 51. b5 Kd6 52. b6 Kc6 53. b7
Rg8 54. Ra3 Kb6 55. Rc3 Rb8 56. Rc8 Ka7 57. Rxb8 Kxb8 1-0

[Event "SR 2. liga A 2009/2010"]
[Site "?"]
[Date "2010.01.10"]
[Round "7.6"]
[White "Mihalik, Anton"]
[Black "Vach, Pavol"]
[Result "0-1"]
[WhiteElo "1961"]
[BlackElo "2098"]
[PlyCount "56"]
[EventDate "2009.??.??"]
[WhiteTeam "Slovakia"]
[BlackTeam "II"]
[WhiteTeamCountry "SVK"]
[BlackTeamCountry "SVK"]

1. e4 e6 2. d4 d5 3. Nd2 Nf6 4. e5 Nfd7 5. Bd3 f5 6. Ngf3 c5 7. c3 Nc6 8. Bc2
Be7 9. O-O O-O 10. Re1 Rf7 11. Nf1 cxd4 12. cxd4 Nf8 13. a3 Bd7 14. Qd2 Rc8 15.
Rd1 Qc7 16. b3 Ng6 17. Ne1 Na5 18. Bb2 Qb6 19. Qe3 h6 20. Nd2 Bg5 21. Qg3 Nf4
22. Qf3 Bb5 23. Bd3 Nxd3 24. Nxd3 Bxd2 25. Rxd2 Nxb3 26. Rad1 Nxd2 27. Rxd2
Bxd3 28. Qxd3 Rc4 0-1

[Event "SR 2. liga A 2009/2010"]
[Site "?"]
[Date "2010.01.10"]
[Round "7.6"]
[White "Szollos, Ondrej"]
[Black "Gettler, Daniel"]
[Result "0-1"]
[WhiteElo "2088"]
[BlackElo "1950"]
[PlyCount "92"]
[EventDate "2009.??.??"]
[WhiteTeam "Slovakia"]
[BlackTeam "II"]
[WhiteTeamCountry "SVK"]
[BlackTeamCountry "SVK"]

1. e4 c5 2. d3 e6 3. c3 b5 4. Qc2 Bb7 5. Nf3 a6 6. Be2 Nc6 7. O-O Rc8 8. Bf4
Nf6 9. Nbd2 d5 10. Rad1 Be7 11. Qb1 O-O 12. exd5 exd5 13. d4 c4 14. Rfe1 b4 15.
Nf1 Ne4 16. Rc1 g5 17. Bg3 f5 18. Ne5 f4 19. f3 Nxe5 20. fxe4 Ng6 21. Bf2 dxe4
22. Bg4 Rc7 23. Rxe4 Bxe4 24. Qxe4 bxc3 25. Rxc3 Kg7 26. Be6 Bf6 27. Rxc4 Rxc4
28. Bxc4 Re8 29. Qd3 a5 30. b3 Qd6 31. Nd2 Qa3 32. Qc2 g4 33. Ne4 Qe7 34. Bd3
Rd8 35. Nxf6 Qxf6 36. Qe2 Qg5 37. Qc2 Rd7 38. Qc6 Re7 39. d5 g3 40. Bd4+ Kf7
41. h3 Ne5 42. Bxe5 Qxe5 43. Bf1 Rc7 44. Qb5 Qe3+ 45. Kh1 f3 46. h4 Qf4 0-1

[Event "SR 2. liga A 2009/2010"]
[Site "?"]
[Date "2010.01.10"]
[Round "7.6"]
[White "Ujhelyi, Matus"]
[Black "Syrovy, Ivan"]
[Result "1-0"]
[WhiteElo "1983"]
[BlackElo "2088"]
[PlyCount "49"]
[EventDate "2009.??.??"]
[WhiteTeam "Slovakia"]
[BlackTeam "II"]
[WhiteTeamCountry "SVK"]
[BlackTeamCountry "SVK"]

1. e4 d6 2. d4 g6 3. c4 Bg7 4. Nc3 e5 5. Nf3 Nc6 6. Bg5 f6 7. Be3 Nh6 8. dxe5
Nxe5 9. Nxe5 fxe5 10. Be2 Be6 11. h4 O-O 12. Qd2 Nf7 13. O-O-O a6 14. h5 g5 15.
h6 Bxh6 16. Rxh6 Nxh6 17. Bxg5 Qe8 18. Bxh6 Rxf2 19. Nd5 Qf7 20. Qg5+ Kh8 21.
Bf3 c6 22. Nf6 Bxc4 23. Rxd6 Bxa2 24. Nd5 Rg8 25. Qxe5+ 1-0

[Event "SR 2. liga A 2009/2010"]
[Site "?"]
[Date "2010.01.10"]
[Round "7.6"]
[White "Vinarcik, Jan"]
[Black "Mikulas, Dusan"]
[Result "1/2-1/2"]
[WhiteElo "1986"]
[BlackElo "2210"]
[PlyCount "59"]
[EventDate "2009.??.??"]
[WhiteTeam "Slovakia"]
[BlackTeam "II"]
[WhiteTeamCountry "SVK"]
[BlackTeamCountry "SVK"]

1. e4 e5 2. Nf3 Nc6 3. Bb5 a6 4. Bxc6 dxc6 5. d4 exd4 6. Qxd4 Qxd4 7. Nxd4 c5
8. Ne2 Bd7 9. Nbc3 O-O-O 10. Bg5 f6 11. Be3 Bc6 12. f3 Bd6 13. O-O-O Ne7 14.
Bf4 Ng6 15. Bxd6 cxd6 16. Rd2 Kc7 17. Rhd1 Rhe8 18. Ng3 Rd7 19. Nf5 Red8 20.
Ne3 b5 21. a3 a5 22. b3 b4 23. Ncd5+ Bxd5 24. Nxd5+ Kc6 25. a4 Ne7 26. Nf4 Nc8
27. Nd5 Nb6 28. Nxb6 Kxb6 29. g4 Kc6 30. Rd5 1/2-1/2

[Event "SR 2. liga A 2009/2010"]
[Site "?"]
[Date "2010.01.10"]
[Round "7.7"]
[White "Beles, Milan"]
[Black "Rachela, Robert"]
[Result "1-0"]
[WhiteElo "2074"]
[BlackElo "1914"]
[PlyCount "63"]
[EventDate "2009.??.??"]
[WhiteTeam "Slovakia"]
[BlackTeam "II"]
[WhiteTeamCountry "SVK"]
[BlackTeamCountry "SVK"]

1. e4 e6 2. d3 d5 3. Nd2 Nf6 4. Ngf3 c5 5. g3 Nc6 6. Bg2 Be7 7. O-O O-O 8. Re1
Re8 9. c3 dxe4 10. dxe4 e5 11. Qc2 Qc7 12. Nf1 Bd7 13. Ne3 Be6 14. Ng5 Rad8 15.
Nxe6 fxe6 16. Qb3 Bf8 17. Nc4 Qf7 18. a4 Rd7 19. h3 Red8 20. a5 Rd3 21. Be3 h6
22. a6 R8d7 23. Qb5 Nb8 24. Nxe5 Qe7 25. Nxd7 Rxd7 26. axb7 Rxb7 27. Qa4 e5 28.
b3 Qc7 29. Qc4+ Kh8 30. Red1 Nbd7 31. Qf7 Rxb3 32. Qxb3 1-0

[Event "SR 2. liga A 2009/2010"]
[Site "?"]
[Date "2010.01.10"]
[Round "7.7"]
[White "Diviak, Rastislav"]
[Black "Gono, Michal"]
[Result "1-0"]
[WhiteElo "2043"]
[BlackElo "1852"]
[PlyCount "81"]
[EventDate "2009.??.??"]
[WhiteTeam "Slovakia"]
[BlackTeam "II"]
[WhiteTeamCountry "SVK"]
[BlackTeamCountry "SVK"]

1. e4 c6 2. d4 d5 3. Nc3 e6 4. Nf3 Bb4 5. e5 c5 6. a3 Bxc3+ 7. bxc3 Nc6 8. Bd3
Qa5 9. Bd2 cxd4 10. cxd4 Qa4 11. Bc3 Nge7 12. Qe2 a6 13. O-O Ng6 14. Qd2 O-O
15. h4 f5 16. exf6 Rxf6 17. Rfe1 Nf4 18. Bf1 Bd7 19. Reb1 Nd8 20. Ne5 Bc8 21.
Ng4 Rf7 22. g3 Ng6 23. Qg5 Rf8 24. h5 Nf7 25. Qe3 Ne7 26. Bd3 Nf5 27. Qd2 Qe8
28. Bb4 Ne7 29. h6 a5 30. hxg7 Kxg7 31. Bc5 h5 32. Ne5 Nxe5 33. dxe5 Rh8 34.
Qg5+ Ng6 35. Kg2 d4 36. Be4 Bd7 37. Rh1 Bc6 38. Qf6+ Kh6 39. Rxh5+ Kxh5 40.
Rh1+ Kg4 41. f3# 1-0

[Event "SR 2. liga A 2009/2010"]
[Site "?"]
[Date "2010.01.10"]
[Round "7.7"]
[White "Kozinka, Jan"]
[Black "Halas, Miroslav"]
[Result "0-1"]
[WhiteElo "1818"]
[BlackElo "1939"]
[PlyCount "40"]
[EventDate "2009.??.??"]
[WhiteTeam "Slovakia"]
[BlackTeam "II"]
[WhiteTeamCountry "SVK"]
[BlackTeamCountry "SVK"]

1. e4 e5 2. Nf3 Nc6 3. Bc4 Nf6 4. O-O Be7 5. Nc3 d6 6. h3 O-O 7. d4 exd4 8.
Nxd4 Bd7 9. Be3 Re8 10. Qd2 a6 11. Rad1 b5 12. Nxc6 Bxc6 13. Bd5 Nxd5 14. exd5
Bb7 15. Qd3 Bf6 16. b3 Bxc3 17. Qxc3 Re5 18. Bd4 Rxd5 19. Bxg7 Rxd1 20. Rxd1
Qg5 0-1

[Event "SR 2. liga A 2009/2010"]
[Site "?"]
[Date "2010.01.10"]
[Round "7.7"]
[White "Padysak, Tomas"]
[Black "Antala, Jan"]
[Result "1/2-1/2"]
[WhiteElo "2022"]
[BlackElo "1982"]
[PlyCount "101"]
[EventDate "2009.??.??"]
[WhiteTeam "Slovakia"]
[BlackTeam "II"]
[WhiteTeamCountry "SVK"]
[BlackTeamCountry "SVK"]

1. e4 e6 2. d3 c5 3. g3 Nc6 4. Bg2 g6 5. f4 d6 6. Bd2 Bg7 7. Bc3 Bxc3+ 8. Nxc3
Qb6 9. Rb1 Nge7 10. Nf3 a6 11. O-O Bd7 12. Kh1 Nd4 13. Ne2 Nxf3 14. Bxf3 f5 15.
Qd2 Bc6 16. Qe3 fxe4 17. dxe4 Qc7 18. f5 exf5 19. exf5 gxf5 20. Nf4 Be4 21.
Bxe4 fxe4 22. Qxe4 Qc6 23. Qxc6+ Nxc6 24. Rbe1+ Kd7 25. Nd5 Raf8 26. Nf6+ Kc7
27. Nd5+ Kd7 28. Kg2 Rxf1 29. Rxf1 Ke6 30. c4 Ne5 31. b3 h5 32. h3 Kd7 33. a4
Kc6 34. Rf5 b5 35. axb5+ axb5 36. Ne3 bxc4 37. Nxc4 Nxc4 38. bxc4 Kd7 39. Kf3
Ke6 40. Rg5 Rh6 41. Ke4 Kf6 42. Rd5 Ke6 43. Rg5 Kf6 44. Kf4 Ke6 45. Rg8 Kf7 46.
Rg5 Ke6 47. h4 Rf6+ 48. Ke4 Rh6 49. Rd5 Rh8 50. Rg5 Rh6 51. Rd5 1/2-1/2

[Event "SR 2. liga A 2009/2010"]
[Site "?"]
[Date "2010.01.10"]
[Round "7.7"]
[White "Slamka, Michal"]
[Black "Sustak, Roman"]
[Result "1/2-1/2"]
[WhiteElo "1748"]
[BlackElo "1923"]
[PlyCount "101"]
[EventDate "2009.??.??"]
[WhiteTeam "Slovakia"]
[BlackTeam "II"]
[WhiteTeamCountry "SVK"]
[BlackTeamCountry "SVK"]

1. c4 Nf6 2. d4 e6 3. Nc3 d5 4. Bg5 Be7 5. Nf3 O-O 6. e3 Nbd7 7. Bd3 a6 8. O-O
dxc4 9. Bxc4 b5 10. Bd3 Bb7 11. a3 c5 12. dxc5 Nxc5 13. Bc2 Rc8 14. Qe2 Qc7 15.
Rac1 Qb6 16. b4 Ncd7 17. Bb1 h6 18. Bf4 Nh5 19. Ne4 Nxf4 20. exf4 Nf6 21. Nxf6+
Bxf6 22. Qd3 g6 23. Ne5 Rxc1 24. Rxc1 Rd8 25. Qg3 Qd4 26. h3 g5 27. Ng4 Bg7 28.
fxg5 hxg5 29. Ne3 Qf4 30. Rc7 Qxg3 31. fxg3 Ba8 32. Kf1 Be5 33. Rc1 Bxg3 34.
Ke2 Kg7 35. Rc5 f6 36. Ba2 Bf4 37. Bxe6 Bxe3 38. Rc7+ Kg6 39. Bf7+ Kf5 40. Kxe3
Ke5 41. Re7+ Kd6 42. Re6+ Kd7 43. Rxf6 Ke7 44. Rf2 Rd1 45. Bb3 Ra1 46. Ba2 Re1+
47. Kd4 Re4+ 48. Kd3 Rf4 49. Ke3 Re4+ 50. Kd3 Rf4 51. Ke3 1/2-1/2

[Event "SR 2. liga A 2009/2010"]
[Site "?"]
[Date "2010.01.10"]
[Round "7.8"]
[White "Adamcik, Tomas"]
[Black "Grich, Juraj"]
[Result "0-1"]
[WhiteElo "1940"]
[BlackElo "1989"]
[PlyCount "120"]
[EventDate "2009.??.??"]
[WhiteTeam "Slovakia"]
[BlackTeam "II"]
[WhiteTeamCountry "SVK"]
[BlackTeamCountry "SVK"]

1. e4 e6 2. b3 d5 3. e5 c5 4. g3 Nc6 5. Nf3 Bd7 6. Bg2 Nge7 7. Ba3 Ng6 8. Qe2
Qc7 9. Bb2 Be7 10. h4 f6 11. exf6 gxf6 12. h5 Nge5 13. Nxe5 Nxe5 14. f4 Nc6 15.
Na3 a6 16. O-O-O O-O-O 17. Rde1 Rhg8 18. Qf2 Qd6 19. Bh3 Rde8 20. g4 e5 21. f5
e4 22. Qh2 Qxh2 23. Rxh2 Bd6 24. Rg2 Ne5 25. Bxe5 Bxe5 26. c3 b5 27. Nc2 Bc6
28. b4 d4 29. cxd4 cxd4 30. g5 Rxg5 31. Rxg5 fxg5 32. f6+ Kc7 33. f7 Rf8 34.
Bf5 Rxf7 35. Bxe4 Bxe4 36. Rxe4 Rf1+ 37. Re1 Rxe1+ 38. Nxe1 g4 39. Kc2 Kd6 40.
Kd3 Kd5 41. Nc2 Bf6 42. Ne1 Ke5 43. Ke2 Be7 44. a3 Ke4 45. Nd3 g3 46. Ne1 Bd6
47. d3+ Kf4 48. Nf3 Be5 49. Ng1 Kg4 50. Kf1 Bf4 51. Ne2 Be3 52. Kg2 Bf2 53. h6
Kg5 54. Nc1 Kxh6 55. Nb3 Kg5 56. Nc5 Kg4 57. Nxa6 h5 58. Nc5 h4 59. Ne4 h3+ 60.
Kf1 Be3 0-1

[Event "SR 2. liga A 2009/2010"]
[Site "?"]
[Date "2010.01.10"]
[Round "7.8"]
[White "Curidlo, Jan"]
[Black "Cajka, Tibor"]
[Result "0-1"]
[WhiteElo "1938"]
[BlackElo "1932"]
[PlyCount "84"]
[EventDate "2009.??.??"]
[WhiteTeam "Slovakia"]
[BlackTeam "II"]
[WhiteTeamCountry "SVK"]
[BlackTeamCountry "SVK"]

1. e4 c5 2. Nf3 a6 3. d4 cxd4 4. Nxd4 Nf6 5. Nc3 e5 6. Nf3 d6 7. h3 b5 8. a3
Bb7 9. Bd3 Nbd7 10. Be3 Rc8 11. O-O Nc5 12. Nd2 Be7 13. f3 O-O 14. Rc1 Nh5 15.
Ne2 Bg5 16. Bf2 Nf4 17. Nxf4 Bxf4 18. Rb1 Qg5 19. Nb3 Rc7 20. Nxc5 dxc5 21. c4
Rd8 22. Qe2 bxc4 23. Bxc4 Rd2 24. h4 Qg6 25. Rfd1 Rd4 26. Rxd4 cxd4 27. b3 h5
28. Qe1 Bc8 29. Kh1 Qd6 30. a4 Qd7 31. Rd1 Rc6 32. Qf1 Rg6 33. Bd5 Qe7 34. Qe1
Qd7 35. Qf1 Kh7 36. Bc4 a5 37. Bd5 Kh8 38. Bc4 Rg3 39. Bxg3 Bxg3 40. f4 Qe7 41.
Qf3 Qxh4+ 42. Kg1 Bg4 0-1

[Event "SR 2. liga A 2009/2010"]
[Site "?"]
[Date "2010.01.10"]
[Round "7.8"]
[White "Goga, Frantisek"]
[Black "Hecht, Tomas"]
[Result "1/2-1/2"]
[WhiteElo "1984"]
[BlackElo "1991"]
[PlyCount "29"]
[EventDate "2009.??.??"]
[WhiteTeam "Slovakia"]
[BlackTeam "II"]
[WhiteTeamCountry "SVK"]
[BlackTeamCountry "SVK"]

1. e4 c5 2. Nf3 Nc6 3. Bb5 g6 4. O-O Bg7 5. c3 d5 6. exd5 Qxd5 7. h3 Nf6 8. Re1
O-O 9. Bxc6 Qxc6 10. d4 cxd4 11. Nxd4 Qc7 12. Qe2 Re8 13. Nb5 Qc6 14. Nd4 Qb6
15. Qb5 1/2-1/2

[Event "SR 2. liga A 2009/2010"]
[Site "?"]
[Date "2010.01.10"]
[Round "7.8"]
[White "Soldan, Jan"]
[Black "Filip, Frantisek"]
[Result "0-1"]
[WhiteElo "1909"]
[BlackElo "1842"]
[PlyCount "72"]
[EventDate "2009.??.??"]
[WhiteTeam "Slovakia"]
[BlackTeam "II"]
[WhiteTeamCountry "SVK"]
[BlackTeamCountry "SVK"]

1. e4 d5 2. exd5 Qxd5 3. Nc3 Qe5+ 4. Be2 Nc6 5. Nf3 Qa5 6. O-O Nf6 7. d4 Bg4 8.
h3 Bxf3 9. Bxf3 Rd8 10. Be3 e5 11. Bxc6+ bxc6 12. Qf3 Nd5 13. dxe5 Be7 14. Rfd1
O-O 15. Ne2 Nb4 16. c3 Nc2 17. Rac1 Rxd1+ 18. Rxd1 Nxe3 19. Qxe3 Qxa2 20. Rd7
Re8 21. Rxc7 Qxb2 22. Rxa7 h6 23. Qf3 Kf8 24. Rc7 Qb5 25. Nf4 Kg8 26. Qxc6 Qxc6
27. Rxc6 Kf8 28. Nd5 Rb8 29. g3 Ke8 30. Kg2 Ba3 31. c4 Kd7 32. Ra6 Bc5 33. Ra2
Rb1 34. Rd2 Ke6 35. f4 Rc1 36. Rd3 Rxc4 0-1

[Event "SR 2. liga A 2009/2010"]
[Site "?"]
[Date "2010.01.10"]
[Round "7.8"]
[White "Steinecker, Frantisek"]
[Black "Gajarsky, Julius"]
[Result "0-1"]
[WhiteElo "1712"]
[BlackElo "1802"]
[PlyCount "98"]
[EventDate "2009.??.??"]
[WhiteTeam "Slovakia"]
[BlackTeam "II"]
[WhiteTeamCountry "SVK"]
[BlackTeamCountry "SVK"]

1. d4 Nf6 2. c4 e6 3. Nf3 d5 4. Nc3 b6 5. cxd5 exd5 6. Bg5 Be7 7. e3 O-O 8. Bd3
Bg4 9. h3 Bh5 10. O-O c6 11. Be2 Nbd7 12. Rc1 Rc8 13. Ba6 Rb8 14. Be2 b5 15. a3
h6 16. Bf4 Rc8 17. Ne5 Bxe2 18. Qxe2 Nxe5 19. Bxe5 Nd7 20. Bg3 f5 21. Qd3 Nb6
22. f3 Nc4 23. Rc2 Bg5 24. Nd1 Nxe3 25. Nxe3 f4 26. Bxf4 Bxf4 27. Ng4 Qg5 28.
g3 Bxg3 29. Rg2 Bh4 30. Ne5 Qh5 31. f4 Qf5 32. Qf3 Bf6 33. Kh1 Rc7 34. Ng4 Bg5
35. h4 Qxf4 36. Qxf4 Bxf4 37. Re1 c5 38. Rc2 c4 39. Re6 Rcf7 40. Rg6 Kh7 41. h5
Rf5 42. Ra6 Rxh5+ 43. Kg2 Rg5 44. Kh3 h5 45. Nf2 Be3 46. Nd1 Bxd4 47. Re6 Rf1
48. Nc3 Rf3+ 49. Kh2 Bg1+ 0-1

[Event "SR 2. liga A 2009/2010"]
[Site "?"]
[Date "2010.01.10"]
[Round "7.8"]
[White "Takacs, Laszlo"]
[Black "Michal, Silvio"]
[Result "1/2-1/2"]
[WhiteElo "1838"]
[BlackElo "2105"]
[PlyCount "120"]
[EventDate "2009.??.??"]
[WhiteTeam "Slovakia"]
[BlackTeam "II"]
[WhiteTeamCountry "SVK"]
[BlackTeamCountry "SVK"]

1. e4 e6 2. d4 d5 3. Nc3 dxe4 4. Nxe4 Nf6 5. Bd3 Nbd7 6. Nxf6+ Nxf6 7. Nf3 c5
8. dxc5 Bxc5 9. O-O Qb6 10. Qe2 a6 11. b3 Bd7 12. a3 Bc6 13. b4 Bxf3 14. Qxf3
Bd4 15. Rb1 Rc8 16. c4 Nd7 17. c5 Qc7 18. Qe4 Bf6 19. f4 Qc6 20. Qe2 O-O 21.
Rf3 g6 22. Rh3 Rfd8 23. Be4 Qc7 24. Rbb3 Nf8 25. Rbg3 Rd7 26. f5 Rcd8 27. fxg6
Rd1+ 28. Kf2 fxg6 29. Be3 Bd4 30. Bxd4 R8xd4 31. Bd3 Qf4+ 32. Rf3 Qd2 33. Qxd2
Rxd2+ 34. Kf1 Nd7 35. Be2 Rc2 36. Rd3 Rd2 37. Rxd4 Rxd4 38. Rd3 Rxd3 39. Bxd3
Nf6 40. Ke2 Kf7 41. Kf3 Nd5 42. Be4 Kf6 43. a4 Ke5 44. b5 axb5 45. axb5 Kd4 46.
c6 bxc6 47. bxc6 Nc7 48. h4 Ke5 49. Ke3 Ne8 50. Bf3 h6 51. g3 g5 52. hxg5 hxg5
53. Kd3 Nc7 54. Kc4 Kd6 55. Bg2 e5 56. Bf3 Ne6 57. Bg2 Nd4 58. c7 Kxc7 59. Kd5
Ne2 60. Kxe5 Nxg3 1/2-1/2

[Event "SR 2. liga A 2009/2010"]
[Site "?"]
[Date "2010.02.06"]
[Round "8.1"]
[White "Arendas, Marek"]
[Black "Pacher, Milan"]
[Result "1/2-1/2"]
[WhiteElo "2077"]
[BlackElo "2366"]
[PlyCount "100"]
[EventDate "2009.??.??"]
[WhiteTeam "Slovakia"]
[BlackTeam "II"]
[WhiteTeamCountry "SVK"]
[BlackTeamCountry "SVK"]

1. e4 c6 2. d4 d5 3. Nc3 dxe4 4. Nxe4 Nf6 5. Nxf6+ gxf6 6. c3 Qd5 7. Qf3 Bf5 8.
Bc4 Qxc4 9. Qxf5 Nd7 10. Ne2 e6 11. Qf3 Bd6 12. Bf4 e5 13. Bg3 O-O-O 14. O-O h5
15. Bh4 Rdg8 16. h3 e4 17. Qe3 Qe6 18. b3 f5 19. f4 Rg6 20. Kh2 Kb8 21. c4 a6
22. Rad1 Nf6 23. d5 cxd5 24. cxd5 Nxd5 25. Qd4 Rhg8 26. Qxd5 Rxg2+ 27. Kh1 Qxd5
28. Rxd5 Rxe2 29. Rxd6 Rgg2 30. Rc1 Rh2+ 31. Kg1 Reg2+ 32. Kf1 Rxa2 33. Kg1 e3
34. Rd8+ Ka7 35. Rg8 a5 36. Rg3 Rhe2 37. Bf6 h4 38. Bd4+ Ka6 39. Rxe3 Rg2+ 40.
Kf1 Raf2+ 41. Ke1 Rxf4 42. Rd3 Rg3 43. Rcd1 Re4+ 44. Kf2 f4 45. Rxg3 fxg3+ 46.
Kf3 Re6 47. Be3 Rf6+ 48. Kg2 Re6 49. Kf3 Rf6+ 50. Kg2 Re6 1/2-1/2

[Event "SR 2. liga A 2009/2010"]
[Site "?"]
[Date "2010.02.06"]
[Round "8.1"]
[White "Banas, Kamil"]
[Black "Meszaros, Michal"]
[Result "0-1"]
[WhiteElo "2225"]
[BlackElo "2416"]
[PlyCount "108"]
[EventDate "2009.??.??"]
[WhiteTeam "Slovakia"]
[BlackTeam "II"]
[WhiteTeamCountry "SVK"]
[BlackTeamCountry "SVK"]

1. e4 c5 2. c3 g6 3. d4 cxd4 4. cxd4 d5 5. exd5 Nf6 6. Nc3 Bg7 7. Qb3 O-O 8.
Be2 Nbd7 9. Bf3 Nb6 10. Nge2 Bg4 11. Bxg4 Nxg4 12. O-O Qd7 13. Bf4 Rad8 14. d6
exd6 15. d5 Rfe8 16. Rfd1 Rc8 17. Bg3 Nc4 18. Nd4 Qe7 19. Nce2 Rc5 20. h3 Nf6
21. Rac1 Nd2 22. Qd3 Nde4 23. Rxc5 dxc5 24. Nb5 Nxd5 25. Qxd5 Nf6 26. Qb3 Qxe2
27. Nd6 Rf8 28. Bh4 Ne4 29. Nxe4 Qxe4 30. Bg3 Bd4 31. Qa3 Qe2 32. Rb1 a6 33. b3
Re8 34. Rf1 Qd2 35. Qa4 Re1 36. Rxe1 Qxe1+ 37. Kh2 h5 38. Qd7 Qe4 39. a4 Kg7
40. Qd8 Qf5 41. Qe7 Qd5 42. Bd6 b5 43. a5 c4 44. bxc4 bxc4 45. g4 hxg4 46. hxg4
Qf3 47. Be5+ Bxe5+ 48. Qxe5+ Kh7 49. Qd4 c3 50. Qc4 Qxf2+ 51. Kh3 c2 52. g5
Qf3+ 53. Kh4 Qh5+ 54. Kg3 Qxg5+ 0-1

[Event "SR 2. liga A 2009/2010"]
[Site "?"]
[Date "2010.02.06"]
[Round "8.1"]
[White "Duben, Igor"]
[Black "Bojda, Lubomir"]
[Result "1/2-1/2"]
[WhiteElo "2222"]
[BlackElo "2151"]
[PlyCount "42"]
[EventDate "2009.??.??"]
[WhiteTeam "Slovakia"]
[BlackTeam "II"]
[WhiteTeamCountry "SVK"]
[BlackTeamCountry "SVK"]

1. Nf3 d6 2. d4 Nf6 3. g3 c5 4. Bg2 g6 5. O-O Nbd7 6. d5 b5 7. b3 Bg7 8. Bb2
Nb6 9. c4 bxc4 10. bxc4 O-O 11. Nbd2 Rb8 12. Bc3 Qe8 13. Rc1 Bh6 14. Ba1 Bf5
15. Nh4 Bg4 16. h3 Bd7 17. e4 Nh5 18. e5 f6 19. exd6 exd6 20. Re1 Qd8 21. Kh2
f5 1/2-1/2

[Event "SR 2. liga A 2009/2010"]
[Site "?"]
[Date "2010.02.06"]
[Round "8.1"]
[White "Kundrik, Peter"]
[Black "Kovac, Andrej"]
[Result "1-0"]
[WhiteElo "2229"]
[BlackElo "2109"]
[PlyCount "55"]
[EventDate "2009.??.??"]
[WhiteTeam "Slovakia"]
[BlackTeam "II"]
[WhiteTeamCountry "SVK"]
[BlackTeamCountry "SVK"]

1. e4 e6 2. d4 d5 3. Nd2 Nf6 4. e5 Nfd7 5. Bd3 c5 6. c3 Nc6 7. Ne2 cxd4 8. cxd4
f6 9. exf6 Qxf6 10. O-O Bd6 11. Nf3 h6 12. Ng3 O-O 13. Bb1 Rd8 14. Re1 Nf8 15.
Ne5 Bd7 16. Nh5 Qh4 17. Nf4 Be8 18. Qd3 Rac8 19. Bd2 Qf6 20. Qe3 Nxd4 21. Qxd4
Nd7 22. Nxd5 exd5 23. Qxd5+ Kf8 24. Ng4 Bxh2+ 25. Kxh2 Qh4+ 26. Kg1 Qxg4 27.
Bf5 Qc4 28. Qd6+ 1-0

[Event "SR 2. liga A 2009/2010"]
[Site "?"]
[Date "2010.02.06"]
[Round "8.1"]
[White "Polacik, Igor"]
[Black "Tibensky, Robert"]
[Result "0-1"]
[WhiteElo "2186"]
[BlackElo "2401"]
[PlyCount "184"]
[EventDate "2009.??.??"]
[WhiteTeam "Slovakia"]
[BlackTeam "II"]
[WhiteTeamCountry "SVK"]
[BlackTeamCountry "SVK"]

1. e4 e6 2. d4 d5 3. Nd2 a6 4. Ngf3 c5 5. dxc5 Bxc5 6. Bd3 Ne7 7. O-O O-O 8. a3
Nbc6 9. b4 Ba7 10. Bb2 Ng6 11. e5 Bd7 12. Nb3 Rc8 13. Re1 Qe7 14. Rc1 Rfd8 15.
g3 Bb6 16. h4 h6 17. Qe2 Be8 18. Kg2 Rc7 19. Nh2 a5 20. b5 a4 21. bxc6 axb3 22.
cxb3 bxc6 23. Ng4 c5 24. h5 Nf8 25. Rc2 Bc6 26. f3 Nh7 27. f4 Nf8 28. Kh3 Rdc8
29. Rec1 Be8 30. Ne3 Rb8 31. a4 Bc6 32. Ba3 Nd7 33. Nf1 Qd8 34. Nd2 Ra7 35. Bb2
Ba5 36. Bc3 Bxc3 37. Rxc3 Rb4 38. Qf2 Qb6 39. Be2 Ra8 40. Bd1 Bb7 41. Be2 Ba6
42. Qf1 Bxe2 43. Qxe2 Rd8 44. Rf3 Nb8 45. Rfc3 Rc8 46. Qf2 Nd7 47. Qe1 Qa5 48.
Qd1 Qa7 49. Qg1 Rbb8 50. Qf1 Qb6 51. Qe2 Qb4 52. Qf2 Rc7 53. Qe2 Rbc8 54. Qa6
Qb8 55. R3c2 c4 56. bxc4 Nc5 57. Qa5 Ra7 58. Qb5 Rb7 59. Qa5 d4 60. Rd1 Ra7 61.
Qb5 Qa8 62. Qb2 Rd8 63. Qa3 Nxa4 64. Qf3 Nc5 65. Qxa8 Rdxa8 66. Nf3 d3 67. Rb2
Ra1 68. Rxa1 Rxa1 69. Rb8+ Kh7 70. Rc8 Ne4 71. Rd8 d2 72. Nxd2 Rd1 73. Nxe4
Rxd8 74. Nd6 Kg8 75. c5 Rd7 76. Kg4 Rc7 77. Ne4 Kf8 78. Kf3 Ke7 79. Ke3 f5 80.
exf6+ gxf6 81. Kd4 f5 82. Nd6 Rd7 83. Kc4 Rd8 84. Kd4 Rg8 85. Nc4 Rxg3 86. c6
Rf3 87. Ne5 Rxf4+ 88. Kc5 Re4 89. Ng6+ Kd8 90. Kd6 Rd4+ 91. Kxe6 f4 92. Ne5 Re4
0-1